000 00598cam1a220020500 4500
001 tmp15795559
003 UPRA
005 20190815101117.0
008 951101s1977 za eng u
035 _a(Sirsi) r76322
035 _a(UPRA)tmp15795559
040 _cUPRA
100 1 _aMaxwell, W. A.
_6A36393.1
245 1 0 _aSeed potato production in Zambia.
260 _aChilanga :
_bMount Makulu Central Research Station,
_c1977.
650 0 _aSeed potatoes.
_6S28546.1
949 _a(O2) 1977/9
_wlcc
_mMAIN
_tBOOK
_lON-SHELF
949 _a(O2) 1977/9
_wlcc
_mMAIN
_tBOOK
_lON-SHELF
004 76322
999 _c62493
_d62493